|
|
|
|
| LEADER |
01042nam a2200253 a 4500 |
| 001 |
598945 |
| 008 |
110630s1991 nyua p 001 0 eng |
| 010 |
|
|
|a 91031748
|
| 020 |
|
|
|a 047154714X (pbk.) :
|c $19.95
|
| 040 |
|
|
|a DLC
|c DLC
|d DLC
|d BD-DhAAL
|
| 050 |
0 |
0 |
|a QA76.27
|b .S74 1991
|
| 082 |
0 |
0 |
|a 004.16
|2 20
|
| 100 |
1 |
|
|a Stephenson, Peter,
|d 1944-
|
| 245 |
1 |
0 |
|a Introduction to personal computers :
|b self-teaching guide /
|c Peter Stephenson.
|
| 260 |
|
|
|a New York :
|b Wiley,
|c c1991.
|
| 300 |
|
|
|a xxiv, 255 p. :
|b ill. ;
|c 24 cm.
|
| 490 |
0 |
|
|a Wiley self-teaching guides
|
| 500 |
|
|
|a Includes index.
|
| 541 |
|
|
|e 00007762
|
| 650 |
|
0 |
|a Microcomputers
|x Programmed instruction.
|
| 852 |
1 |
|
|a Ayesha Abed Library
|c General Shelf.
|
| 999 |
|
|
|c 11020
|d 11020
|
| 952 |
|
|
|0 0
|1 0
|2 ddc
|4 0
|6 004_160000000000000_STE
|7 0
|9 17328
|a BRACUL
|b BRACUL
|c GEN
|d 2011-06-30
|l 0
|o 004.16 STE
|p 3010007762
|r 2011-06-30
|t 1
|w 2011-06-30
|y BK
|
| 952 |
|
|
|0 0
|1 0
|2 ddc
|4 0
|6 004_160000000000000_STE
|7 0
|9 24158
|a SCL
|b SCL
|c GEN
|d 2014-04-21
|l 0
|o 004.16 STE
|p 3020003769
|r 2014-04-21
|t 2
|w 2014-04-21
|y BK
|